| 000 | 00932nmc a2200301 a 4500 | ||
|---|---|---|---|
| 003 | AR-BaBNM | ||
| 005 | 20251128204548.0 | ||
| 008 | 265019s1993 ||||||||||||||000 | spa|| | ||
| 020 | _a84-7799-084-0 | ||
| 040 | _cAR-BaBNM | ||
| 100 | 1 | _aPérez del Río, Teresa | |
| 245 | 1 | 0 | _aDiscriminación e igualdad en la negociación colectiva |
| 260 |
_aMadrid _bMinisterio de Asuntos Sociales. Instituto de la Mujer _c1993 |
||
| 300 | 0 | _a316 p. | |
| 490 | 0 |
_aPublicaciones del Instituto de la Mujer. Serie Estudios _vv. 36 |
|
| 650 | 4 | _aIGUALDAD DE DERECHOS DEL HOMBRE Y DE LA MUJER | |
| 650 | 4 | _aDISCRIMINACION SEXUAL | |
| 650 | 4 | _aEMPLEO DE LAS MUJERES | |
| 650 | 4 | _aCONDICIONES DE TRABAJO | |
| 650 | 4 | _aNEGOCIACION COLECTIVA | |
| 650 | 4 | _aDELITOS SEXUALES | |
| 650 | 4 | _aTRABAJO | |
| 651 | 4 | _aEspaña | |
| 700 | 1 | _aFernández López, Fernanda | |
| 700 | 1 | _aRey Guanter, Salvador del | |
| 942 | _cBK | ||
| 998 | _cMarce | ||
| 999 |
_c7933 _d7933 |
||